000 00639nam a22001337a 4500
999 _c60869
_d60869
005 20231113121757.0
008 231113s1964 ru ||||| |||| 00| 0 rus d
080 _a7(3) П-15
245 _aПамятники позднего античного ораторского и эпистолярного искусства II–V века.
264 _aМосква :
_bНаука,
_c1964.
300 _a234 стр.
_bил.;
_c22 см.
653 _aგვიანანტიკური ორატორული და ეპისტოლარული ხელოვნების ძეგლები
942 _2udc
_cᲬᲘᲒᲜᲘ